000 00768 a2200229 4500
010 _aENG-85218
020 _a8172112165
_c400.00
035 _aEN-68751
037 _bD.B.Act / Pub
082 1 4 _a305.4
090 _c1706
_d1706
100 1 _aGeorge, P. A.
245 1 _aEnlightenment of women and social change
_cby P. A. George
260 _aNew Delhi
_bNorthern Book Centre
_c2006.
270 _a4221/1, Ansari Road, Darya Ganj
_bNew Delhi
_cDelhi
_e110002
_k23264519
_l23252651
300 _aviii, 150 p.
_c22 cm. (Hb)
500 _aIncludes bibliographical references and index
650 _aWomen
650 _aSocial change
942 _adpl
_cEN
_k305.4 / GEO
999 _c1676
_d1676